Представление документа в формате MARC21

Поле Инд. ПП Название Значение
Тип записи a
Библиографический уровень b
001 Контрольный номер RU/IS/BASE/253197117
005 Дата корректировки 20200522191202.2
008 Кодируемые данные 20080109
040 b Код языка каталог. rus
e Правила каталог. PSBO
041 0_ a Код языка текста rus
084 a Индекс другой классификации/Индекс ББК 60.524.4(2Рос); 60.504
100 1_ a Автор Батуренко С. А.
q Полное имя Батуренко Светлана Алексеевна
245 10 a Заглавие Исследования социальной стратификации современного российского общества: методологические подходы, критерии, профили и динамика социальной трансформации
504 a Библиография Библиогр. ссылки
650 a Основная рубрика социология
653 a Ключевые слова методологические подходы
a Ключевые слова российское общество
a Ключевые слова Россия
a Ключевые слова социальная стратификация
a Ключевые слова социальная трансформация
a Ключевые слова социологические исследования
773 0_ t Заглавие источника Вестник Московского университета. Серия 18, Социология и политология
d Дата издания источника 2007
g Прочая информация № 3. - С. 15 - 28 : рис.
w Контрольный № источника RU/IS/BASE/250005829
901 t Тип документа b